000 02140nam a2200529 i 4500
001 54666
003 KOSZ 005
005 20201119085609.0
008 080228s2007 pl a f f |000 0 pol|
020 _a8373706607
020 _a9788324911592
040 _aWA N
_cWA N
_dKOSZ 005/HR
046 _k2007
080 _a696
080 _a621.315/316
080 _a006.3/.8
080 _a(083.1)
100 1 _aLenartowicz, Radosław
_eAutor
245 1 0 _aRoboty instalacyjne.
_nZ. 2,
_pInstalacje elektryczne i piorunochronne w budynkach użyteczności publicznej /
_cInstytut Techniki Budowlanej ; [aut.: Radosław Lenartowicz, Andrzej Boczkowski, Iwonna Wybrańska].
246 3 0 _aInstalacje elektryczne i piorunochronne w budynkach użyteczności publicznej.
260 _aWarszawa :
_bInstytut Techniki Budowlanej,
_c2007.
300 _a201, [1] s. :
_bil. ;
_c24 cm.
336 _2rdacontent
_aTekst
_btxt
337 _2rdamedia
_aBez urządzenia pośredniczaćego
_bn
338 _2rdacarrier
_aWolumin
_bnc
380 _aDruki ulotne
380 _aPublikacje fachowe
388 _a2001-
490 1 _aWarunki Techniczne Wykonania i Odbioru Robót Budowlanych ;
_vcz. D.
490 1 _aInstrukcje, Wytyczne, Poradniki / Instytut Techniki Budowlanej
_v390/2007.
648 4 _a2001-
650 4 _aBudownictwo użyteczności publicznej
650 4 _aBezpieczeństwo
650 4 _aInstalacje elektryczne
650 4 _aInstalacja odgromowa
651 7 _aPolska
655 4 _aInstrukcja
658 _aArchitektura i budownictwo
658 _aInżynieria i technika
700 1 _aWybrańska, Iwonna
_eAutor
700 1 _aBoczkowski, Andrzej
_c(elektrotechnik)
_eAutor
710 2 _aInstytut Techniki Budowlanej
_4pbl.
830 0 _aInstrukcje, Wytyczne, Poradniki - Instytut Techniki Budowlanej
_v390/2007
830 0 _aWarunki Techniczne Wykonania i Odbioru Robót Budowlanych
_vcz. D
856 _uhttp://koha.tu.koszalin.pl/cgi-bin/koha/opac-detail.pl?biblionumber=54666
_yKatalog online BPK
942 _2UKD
_cKS
999 _c54666
_d54666